Responses for show #7529 - Thursday, May 11, 2017

2017 Teachers Tournament quarterfinal game 4.

Contestants

Lindsey Henry, a 1st grade teacher from Waco, Texas

Nan Cohen, a high school English teacher from Van Nuys, California

Michael Camp, a high school Spanish teacher from Chicago, Illinois

Jeopardy! Round responses

STRANGER THINGS
ELEMENTARY
THE CROWN
ONCE UPON A TIME
THIS IS "US"
TV DRAMAS
    $200 21
Vitamin C

Michael
    $200 22
iron

Lindsey
    $200 13
the Statue of Liberty

Nan
    $200 7
the Ugly Duckling

Michael
    $200 6
POTUS

Michael
    $200 1
Watson

Michael
    $400 27
(Michael: Who is Adams)

Jefferson

MichaelLindsey
    $400 23
(Lindsey: What is hydrogen?)

nitrogen

MichaelLindsey
    $400 14
Hallmark

Lindsey
    $400 8
Little Red Riding Hood

Nan
    $400 9
the plexus

Nan
    $400 2
Storybrooke (Maine)

Lindsey
    $600 28
frog

Triple Stumper
    $600 24
plutonium

Triple Stumper
    $600 15
the keystone

Lindsey
    $600 18
"Rapunzel"

Michael
    $1,000 10
Vilnius

Nan
    $600 3
Matthew Modine

Triple Stumper
    $800 29
Houdini

Lindsey
    $800 25
iodine

Triple Stumper
    $800 16
Jesus' crown of thorns

Triple Stumper
    $800 19
Thumbelina

Nan
    $800 11
omnibus

Nan
    $800 4
Mandy Moore

Michael
    $1000 30
a superfluid

Triple Stumper
    $1000 26
titanium

Nan
    $1000 17
a chakra

Triple Stumper
    $1000 20
the Little Match Girl

Nan
    $1000 12
Perseus

Nan
    $1000 5
Claire Foy

Lindsey

Scores at the first commercial break (after clue 15):

Michael Nan Lindsey
$1,400 $3,800 $2,400

Scores at the end of the Jeopardy! Round:

Michael Nan Lindsey
$2,200 $6,600 $3,400

Double Jeopardy! Round responses

CASTRO'S CUBA: 1959-2016
9-LETTER WORDS
BESTSELLING NONFICTION
U.S. CITIES
AKAs
THE SILENT MOVIE ERA
    $400 13
Africa

Michael
    $400 12
brimstone

Michael
    $400 6
(Arnold) Palmer

Michael
    $400 7
Seattle

Michael
    $400 1
ping-pong

Nan
    $400 30
The Three Musketeers

Lindsey
    $800 14
John Kerry

Lindsey
    $800 18
feudalism

Nan
    $800 22
Eat, Pray, Love

Lindsey
    $800 8
(Michael: What is Chappaquiddick?)
(Nan: What is Block Island?)

Newport

MichaelNan
Triple Stumper
    $800 2
"America"

Lindsey
    $800 29
(Rudolph) Valentino

Nan
    $1200 15
Pope John Paul II

Michael
    $1200 19
a davenport

Michael
    $1200 23
a cat

Nan
    $1200 9
Fort Lauderdale

Lindsey
    $1200 3
Farsi

Michael
    $1200 28
the Ku Klux Klan

Nan
    $1600 16
Chevrolet

Triple Stumper
    $1600 20
binocular

Nan
    $1600 24
Desmond Tutu

Michael
    $2,000 10
(Lindsey: What is Cleveland?)

Akron, Ohio

Lindsey
    $1600 4
chicken pox

Nan
    $1,200 27
Ben-Hur (A Tale of the Christ)

Michael
    $2000 17
Soyuz

Triple Stumper
    $2000 21
(Alex: It's usually worn across the chest, and it's called a [*].)

bandolier

Triple Stumper
    $2000 25
Rachel Carson

Michael
    $2000 11
Vidalia

Lindsey
    $2000 5
lycanthrope

Nan
    $2000 26
Wings

Triple Stumper

Scores at the end of the Double Jeopardy! Round:

Michael Nan Lindsey
$11,400 $15,400 $7,400

Final Jeopardy! Round responses

FOREIGN WORDS & PHRASES
LindseyWhat is enginue?
$7,399
MichaelWhat is avant garde
$3,400
NanWhat is avant-garde?
$7,401
avant-garde

Final scores:

Michael Nan Lindsey
$14,800 $22,801 $1
2nd place Automatic semifinalist 3rd place

Game dynamics:

Coryat scores:

Michael Nan Lindsey
$11,800 $15,000 $9,400
17 R
(including 1 DD),
2 W
17 R
(including 1 DD),
1 W
13 R,
2 W
(including 1 DD)

Combined Coryat: $36,200

The J! Archive is created by fans, for fans. The Jeopardy! game show and all elements thereof, including but not limited to copyright and trademark thereto, are the property of Jeopardy Productions, Inc. and are protected under law. This website is not affiliated with, sponsored by, or operated by Jeopardy Productions, Inc. Join the discussion at JBoard.tv.